000 00391nam a2200145Ia 4500
008 100204s9999 xx 000 0 und d
082 _b18348
100 _aकदम बा.
245 _aसुरुंग
260 _b"दिलीप प्रकाशन , पुणे"
_c1990
300 _a354
630 _aसुरुंग
730 _aसुरुंग
942 _cBOOK
999 _c462771
_d462768